000 01169cam a22003374a 4500
001 13448845
003 OSt
005 20260318120521.0
008 040105s2003 caua b 000 0 eng
010 _a 2004040650
020 _a087808357X
_qpbk.
035 _a13448845
040 _aDLC
_cDLC
_dDLC
042 _apcc
043 _af-ke---
050 0 0 _aLG418.5.K54
_bD69 2003
082 0 0 _a372.9676/27
_222
100 1 _aDow, Phil,
_d1970-
245 1 0 _a"School in the clouds" :
_bthe Rift Valley Academy story /
_cPhil Dow.
260 _aPasadena, Calif. :
_bW. Carey Library,
_cc2003.
300 _a274 p., 16 p. of plates :
_bill. ;
_c23 cm.
336 _atext
_btxt
_2rdacontent
337 _aunmediated
_bn
_2rdamedia
338 _avolume
_bnc
_2rdacarrier
504 _aIncludes bibliographical references.
610 2 0 _aRift Valley Academy (Kijabe, Kenya)
_xHistory.
906 _a7
_bcbc
_corignew
_d1
_eocip
_f20
_gy-gencatlg
942 _2lcc
_cBK
999 _c21544
_d21543